Capital to Continent - Click Quiz - Statistics

General Stats
  • This quiz has been taken 25 times
  • The average score is 21 of 30
Answer Stats
Hint Explanation Answer % Correct
Paris France Europe
91%
Cairo Egypt Africa
86%
Tokyo Japan Asia
86%
Vilnius Lithuania Europe
86%
Prague Czech Republic Europe
86%
Ankara Türkiye Asia
82%
Manila Philippines Asia
82%
Washington D.C. United States North America
82%
Lima Peru South America
82%
Vaduz Liechtenstein Europe
77%
San Jose Costa Rica North America
77%
Paramaribo Suriname South America
77%
Freetown Sierra Leone Africa
73%
Ulaanbaatar Mongolia Asia
73%
Canberra Australia Oceania
73%
Bogota Colombia South America
73%
Victoria Seychelles Africa
68%
Bishkek Kyrgyzstan Asia
68%
Podgorica Montenegro Europe
68%
Havana Cuba North America
68%
Montevideo Uruguay South America
68%
Banjul The Gambia Africa
64%
Bridgetown Barbados North America
64%
Roseau Dominica North America
64%
Apia Samoa Oceania
64%
Juba South Sudan Africa
59%
Suva Fiji Oceania
59%
Nuku'alofa Tonga Oceania
55%
Port Vila Vanuatu Oceania
55%
Georgetown Guyana South America
32%
No matching quizzes found
Score Distribution
Percent of People with Each Score
Percentile by Number Answered
Your Score History
You have not taken this quiz